000 00614nam a2200217Ia 4500
003 OSt
005 20220928133253.0
006 a|||||r|||| 00| 0
007 ta
008 220927b |||||||| |||| 00| 0 eng d
024 _a91519
037 _cReference Collections
040 _aSDCL
_cSDCL
_beng
041 _2eng
_aeng
082 _aYk1, N95, N5.1-.2 RR
245 0 _aINTERNATIONAL ENCYCLOPEDIA of Sociology.
260 _aLondon
_bFitzroy Dearborn
_c1995
490 _vV2/ viii,781-1573p
942 _hYk1, N95, N5.1-.2 RR
_cREF
_2CC
999 _c798672
_d798672